01929naa a22002651i 45000010005000000030009000050050017000140080039000310400036000700410008001060440008001140800014001221000123001362450083002592460060003425000021004025200766004236500013011896550030012027110096012327730271013289420013015999990015016129520036016274747KOSZ 00520180307112523.0140327s2002 pl f |100 0 eng cKOSZ 005aKOSZ 005dKOSZ 005/ac aeng aPOL a536:621.51 aBOHDAL, Tadeusz.d1996 - .bPolitechnika Koszalińska - Wydział Mechaniczny,cZakład Termomechaniki i Chłodnictwa10aJednowymiarowy model wrzenia pęcherzykowego w przepływie /cTedeusz Bohdal.31aOne-dimensional model of bubble boiling in channel flow aDane z autopsji. aW pracy podjęto próbę uproszczonego opisu procesu wrzenia pęcherzykowego w kanale rurowym prosto-osiowym. Układ dwufazowy jednoskładnikowy (ciecz - gaz) potraktowano jako ośrodek ciągły, gdzie do opisu zjawiska wykorzystywane są prawa zachowania energii, pędu i masy. Ośrodek ciągły charakteryzowany jest parametrami opisującymi układ dwufazowy, takimi jak: gęstość mieszaniny dwufazowej, statyczny stopień zapełnienia, statyczny równowagowy stopień suchości. Zgodnie z praktyką inżynierską zastosowano model jednowymiarowy, w którym występują wielkości fizyczne uśrednione w przekroju poprzecznym kanału (wprowadzono średnią prędkość, średnie ciśnienie, średnią temperaturę i tp.). 0aWrzenie. 0aMateriały konferencyjne.22aPosiedzenie Komitetu Budowy Maszyn Polskiej Akademii Naukn(7 ;d2002 ;cKoszalin, Polska).0 iW :tPosiedzenie Komitetu Budowy Maszyn Polskiej Akademii Nauk - maj 2002 r. T. 1 / pod red. L. Kukiełki. -dKoszalin : Wydaw. Uczelniane Politechniki Koszalińskiej, 2002. -gs. 109-118kZeszyty Naukowe Wydziału Mechanicznego / Politechnika Koszalińska ; nr 30 cROZ2UKD c4747d4747 00104070aBPKbBPKo0100yROZ